[Event "Pepe Cuenca Invitational"]
[Site "chess24.com INT"]
[Date "2020.04.14"]
[Round "2.10"]
[White "Svidler, Peter"]
[Black "Anton Guijarro, David"]
[Result "1/2-1/2"]
[WhiteElo "2723"]
[BlackElo "2703"]
[PlyCount "52"]
[EventDate "2020.04.12"]
[EventType "k.o."]
[EventRounds "3"]
[EventCountry "USA"]
[SourceTitle "CBM 195 Extra"]
[Source "ChessBase"]
[SourceDate "2020.05.31"]
[SourceVersion "1"]
[SourceVersionDate "2020.05.31"]
[SourceQuality "1"]

1. e4 c5 2. Nf3 Nc6 3. Bb5 d5 4. exd5 Qxd5 5. Nc3 Qe6+ 6. Be2 Nd4 7. O-O Nxe2+
8. Nxe2 Nf6 9. d4 cxd4 10. Nexd4 Qa6 11. a4 Bd7 12. Ne5 Rd8 13. Qf3 e6 14. Bg5
Be7 15. Rfd1 Bc8 16. Nb5 O-O 17. Ng4 Rxd1+ 18. Rxd1 Qxa4 19. Nxf6+ Bxf6 20.
Bxf6 gxf6 21. Nd4 e5 22. Qxf6 exd4 23. Qg5+ Kh8 24. Qf6+ Kg8 25. Qg5+ Kh8 26.
Qf6+ Kg8 1/2-1/2

[Event "Pepe Cuenca Invitational"]
[Site "chess24.com INT"]
[Date "2020.04.14"]
[Round "2.11"]
[White "Anton Guijarro, David"]
[Black "Svidler, Peter"]
[Result "0-1"]
[WhiteElo "2703"]
[BlackElo "2723"]
[PlyCount "56"]
[EventDate "2020.04.12"]
[EventType "k.o."]
[EventRounds "3"]
[EventCountry "USA"]
[SourceTitle "CBM 195 Extra"]
[Source "ChessBase"]
[SourceDate "2020.05.31"]
[SourceVersion "1"]
[SourceVersionDate "2020.05.31"]
[SourceQuality "1"]

1. e4 e5 2. Nf3 Nc6 3. Bc4 Bc5 4. c3 Nf6 5. d3 d6 6. O-O a6 7. Nbd2 O-O 8. h3
Na5 9. b4 Nxc4 10. Nxc4 Ba7 11. Bg5 h6 12. Bh4 Qe7 13. d4 Qe6 14. d5 Qe7 15.
Qc1 Kh7 16. Kh1 Rg8 17. Qc2 g5 18. Bg3 g4 19. hxg4 Nxg4 20. Nh2 Nxh2 21. Bxh2
Qh4 22. f4 f6 23. fxe5 fxe5 24. Rf7+ Rg7 25. Raf1 Bg4 26. Na5 Rag8 27. Rxg7+
Rxg7 28. Qd2 Bh3 0-1

[Event "Abu Dhabi Super Blitz KO 1st"]
[Site "Chess.com INT"]
[Date "2020.04.15"]
[Round "1.1"]
[White "Svidler, Peter"]
[Black "Dubov, Daniil"]
[Result "1/2-1/2"]
[WhiteElo "2723"]
[BlackElo "2699"]
[PlyCount "85"]
[EventDate "2020.04.15"]
[EventType "k.o. (blitz)"]
[EventRounds "3"]
[EventCountry "UAE"]
[SourceTitle "CBM 195 Extra"]
[Source "ChessBase"]
[SourceDate "2020.05.31"]
[SourceVersion "1"]
[SourceVersionDate "2020.05.31"]
[SourceQuality "1"]

1. c4 e6 2. Nc3 c5 3. Nf3 Nf6 4. g3 d5 5. cxd5 exd5 6. d4 Nc6 7. Bg2 cxd4 8.
Nxd4 Bc5 9. Nb3 Bb6 10. O-O d4 11. Na4 O-O 12. Nxb6 axb6 13. Bg5 h6 14. Bxf6
Qxf6 15. a3 Be6 16. Nc1 Rad8 17. Nd3 Rfe8 18. Re1 Na5 19. Rc1 Rc8 20. Qa4 g5
21. Qb4 Bf5 22. Rxc8 Rxc8 23. Rc1 Re8 24. Rc2 Kg7 25. h3 Be4 26. Qb5 Re7 27.
Bxe4 Rxe4 28. Qd5 Qe6 29. Qd8 Nc6 30. Qxb6 Rxe2 31. Rxe2 Qxe2 32. Qb5 Qe4 33.
a4 b6 34. b4 f6 35. Qxb6 Qxd3 36. Qxc6 Qd1+ 37. Kg2 d3 38. Qd7+ Kg6 39. Qe8+
Kg7 40. Qe7+ Kg6 41. Qe8+ Kg7 42. Qe7+ Kg6 43. Qe8+ 1/2-1/2

[Event "Abu Dhabi Super Blitz KO 1st"]
[Site "Chess.com INT"]
[Date "2020.04.15"]
[Round "1.2"]
[White "Dubov, Daniil"]
[Black "Svidler, Peter"]
[Result "1/2-1/2"]
[WhiteElo "2699"]
[BlackElo "2723"]
[PlyCount "117"]
[EventDate "2020.04.15"]
[EventType "k.o. (blitz)"]
[EventRounds "3"]
[EventCountry "UAE"]
[SourceTitle "CBM 195 Extra"]
[Source "ChessBase"]
[SourceDate "2020.05.31"]
[SourceVersion "1"]
[SourceVersionDate "2020.05.31"]
[SourceQuality "1"]

1. Nf3 Nf6 2. c4 c5 3. Nc3 Nc6 4. d4 cxd4 5. Nxd4 Qb6 6. Ndb5 a6 7. Be3 Qa5 8.
Nd4 e6 9. Nb3 Qc7 10. g3 b5 11. cxb5 axb5 12. Bg2 b4 13. Nb5 Qb8 14. N5d4 Nxd4
15. Qxd4 Bb7 16. Bxb7 Qxb7 17. O-O Be7 18. Rfd1 Qb5 19. Qd3 Qxd3 20. Rxd3 d5
21. a4 bxa3 22. Nd4 Kd7 23. bxa3 Rhb8 24. Bf4 Rb6 25. a4 Rba6 26. Rb1 Rxa4 27.
Rb7+ Ke8 28. Nc6 Bc5 29. Rdb3 Rc8 30. Ne5 Ra7 31. Rxa7 Bxa7 32. Rb7 Bb8 33.
Nxf7 Bxf4 34. gxf4 Rc2 35. Nd6+ Kf8 36. e3 h5 37. Rf7+ Kg8 38. Re7 Ng4 39. Rxe6
Nxf2 40. f5 Ng4 41. Re8+ Kh7 42. Nf7 g6 43. fxg6+ Kxg6 44. Ne5+ Kf5 45. Nf3 Rc3
46. Nd4+ Kf6 47. Rf8+ Ke7 48. Rf3 Ra3 49. h3 Ne5 50. Rf5 Rxe3 51. Rxh5 Re4 52.
Rxe5+ Rxe5 53. Nc6+ Kf6 54. Nxe5 Kxe5 55. Kf2 Kf5 56. Ke2 Kg5 57. Kd3 Kh4 58.
Kd4 Kxh3 59. Kxd5 1/2-1/2

[Event "Abu Dhabi Super Blitz KO 1st"]
[Site "Chess.com INT"]
[Date "2020.04.15"]
[Round "1.3"]
[White "Dubov, Daniil"]
[Black "Svidler, Peter"]
[Result "1-0"]
[WhiteElo "2699"]
[BlackElo "2723"]
[PlyCount "45"]
[EventDate "2020.04.15"]
[EventType "k.o. (blitz)"]
[EventRounds "3"]
[EventCountry "UAE"]
[SourceTitle "CBM 195 Extra"]
[Source "ChessBase"]
[SourceDate "2020.05.31"]
[SourceVersion "1"]
[SourceVersionDate "2020.05.31"]
[SourceQuality "1"]

1. Nf3 Nf6 2. c4 g6 3. Nc3 d5 4. cxd5 Nxd5 5. e4 Nxc3 6. bxc3 Bg7 7. Rb1 O-O 8.
h4 c5 9. h5 Nc6 10. Qe2 b6 11. Qe3 Qd6 12. hxg6 hxg6 13. Ng5 Ne5 14. f4 Ng4 15.
Qh3 Nh6 16. Qg3 e5 17. d3 exf4 18. Bxf4 Qe7 19. Bd6 Qf6 20. e5 Re8 21. Be2 Qd8
22. Qh4 f6 23. Qc4+ 1-0

[Event "MrDodgy Online Inv"]
[Site "chess24.com INT"]
[Date "2020.06.12"]
[Round "1.1"]
[White "Grandelius, Nils"]
[Black "Svidler, Peter"]
[Result "1/2-1/2"]
[WhiteElo "2651"]
[BlackElo "2723"]
[PlyCount "60"]
[EventDate "2020.06.12"]
[EventType "k.o. (blitz)"]
[EventRounds "3"]
[EventCountry "GER"]
[SourceTitle "CBM 196 Extra"]
[Source "ChessBase"]
[SourceDate "2020.07.31"]
[SourceVersion "1"]
[SourceVersionDate "2020.07.31"]
[SourceQuality "1"]

1. e4 c5 2. Nf3 e6 3. d4 cxd4 4. Nxd4 a6 5. c4 Nf6 6. Nc3 Bb4 7. Qd3 O-O 8. Be2
d6 9. O-O Nbd7 10. f3 Ne5 11. Qd1 Bxc3 12. bxc3 Qc7 13. Qb3 Nfd7 14. Be3 Nc5
15. Qa3 Bd7 16. Rab1 b5 17. cxb5 axb5 18. Qb4 Rxa2 19. Bxb5 Rfa8 20. Bxd7 Nexd7
21. Nb5 Qc6 22. Qd4 Re2 23. Rf2 Rxf2 24. Bxf2 Rb8 25. c4 Ne5 26. Rd1 Nxc4 27.
Qxc4 Qxb5 28. Qxb5 Rxb5 29. Bxc5 Rxc5 30. Rxd6 h5 1/2-1/2

[Event "MrDodgy Online Inv"]
[Site "chess24.com INT"]
[Date "2020.06.12"]
[Round "1.2"]
[White "Svidler, Peter"]
[Black "Grandelius, Nils"]
[Result "1/2-1/2"]
[WhiteElo "2723"]
[BlackElo "2651"]
[PlyCount "73"]
[EventDate "2020.06.12"]
[EventType "k.o. (blitz)"]
[EventRounds "3"]
[EventCountry "GER"]
[SourceTitle "CBM 196 Extra"]
[Source "ChessBase"]
[SourceDate "2020.07.31"]
[SourceVersion "1"]
[SourceVersionDate "2020.07.31"]
[SourceQuality "1"]

1. e4 c5 2. Nf3 d6 3. Bb5+ Bd7 4. c4 Nf6 5. Nc3 g6 6. O-O Bg7 7. d4 cxd4 8.
Nxd4 Nc6 9. Bxc6 bxc6 10. c5 O-O 11. h3 Qb8 12. Qe2 e5 13. Nf3 d5 14. exd5 Nxd5
15. Rd1 Nxc3 16. bxc3 Bf5 17. Bg5 Qb5 18. Qxb5 cxb5 19. a4 bxa4 20. Rd2 Rfc8
21. Be7 Bf8 22. Bd6 e4 23. Ne5 Bg7 24. Rxa4 a5 25. Nc4 Bxc3 26. Rc2 Bb4 27. Nb6
e3 28. Re2 exf2+ 29. Rxf2 Rab8 30. Nxc8 Rxc8 31. Rfa2 Be6 32. Ra1 Bb3 33. Rxa5
Bxa5 34. Rxa5 h5 35. Kf2 Bd5 36. Be7 Ra8 37. Rxa8+ 1/2-1/2

[Event "MrDodgy Online Inv"]
[Site "chess24.com INT"]
[Date "2020.06.12"]
[Round "1.3"]
[White "Grandelius, Nils"]
[Black "Svidler, Peter"]
[Result "1-0"]
[WhiteElo "2651"]
[BlackElo "2723"]
[PlyCount "61"]
[EventDate "2020.06.12"]
[EventType "k.o. (blitz)"]
[EventRounds "3"]
[EventCountry "GER"]
[SourceTitle "CBM 196 Extra"]
[Source "ChessBase"]
[SourceDate "2020.07.31"]
[SourceVersion "1"]
[SourceVersionDate "2020.07.31"]
[SourceQuality "1"]

1. e4 e5 2. Nf3 Nc6 3. Bc4 Nf6 4. d3 h6 5. c3 d6 6. O-O g6 7. Re1 Bg7 8. Bb3
O-O 9. Nbd2 Re8 10. a4 Be6 11. a5 d5 12. a6 b6 13. Ba4 Bd7 14. exd5 Nxd5 15.
Nc4 Rb8 16. Bxc6 Bxc6 17. Ncxe5 Ba8 18. d4 b5 19. Bd2 Rb6 20. b3 Rbe6 21. c4
bxc4 22. bxc4 Nb6 23. Bc3 Bxf3 24. Qxf3 Bxe5 25. dxe5 Nxc4 26. Rad1 Qc8 27. Qf4
Qxa6 28. Rd7 Rf8 29. Qxh6 Qa3 30. Rd3 Nxe5 31. Rh3 1-0

[Event "MrDodgy Online Inv"]
[Site "chess24.com INT"]
[Date "2020.06.12"]
[Round "1.4"]
[White "Svidler, Peter"]
[Black "Grandelius, Nils"]
[Result "1-0"]
[WhiteElo "2723"]
[BlackElo "2651"]
[PlyCount "65"]
[EventDate "2020.06.12"]
[EventType "k.o. (blitz)"]
[EventRounds "3"]
[EventCountry "GER"]
[SourceTitle "CBM 196 Extra"]
[Source "ChessBase"]
[SourceDate "2020.07.31"]
[SourceVersion "1"]
[SourceVersionDate "2020.07.31"]
[SourceQuality "1"]

1. Nf3 d5 2. g3 g6 3. c4 dxc4 4. Na3 Bg7 5. Nxc4 Nc6 6. d3 e5 7. Bd2 Nge7 8.
Bg2 O-O 9. b4 a6 10. O-O Be6 11. Rc1 b5 12. Ne3 Bxa2 13. Ng5 h6 14. Nxf7 Bxf7
15. Bxc6 Nxc6 16. Rxc6 Qd7 17. Qc2 Rfc8 18. Rc1 Bf8 19. Rxc7 Rxc7 20. Qxc7 Qxc7
21. Rxc7 a5 22. bxa5 b4 23. Rb7 Rxa5 24. Rb8 Ra1+ 25. Kg2 b3 26. Ng4 Ra2 27.
Bxh6 Bd5+ 28. e4 Ra8 29. Rb5 Be6 30. Bxf8 Bxg4 31. Bd6 Bd1 32. Bxe5 Bc2 33. Kf3
1-0

[Event "MrDodgy Online Inv"]
[Site "chess24.com INT"]
[Date "2020.06.12"]
[Round "1.5"]
[White "Grandelius, Nils"]
[Black "Svidler, Peter"]
[Result "1/2-1/2"]
[WhiteElo "2651"]
[BlackElo "2723"]
[PlyCount "78"]
[EventDate "2020.06.12"]
[EventType "k.o. (blitz)"]
[EventRounds "3"]
[EventCountry "GER"]
[SourceTitle "CBM 196 Extra"]
[Source "ChessBase"]
[SourceDate "2020.07.31"]
[SourceVersion "1"]
[SourceVersionDate "2020.07.31"]
[SourceQuality "1"]

1. e4 c5 2. Nf3 e6 3. c3 d5 4. exd5 exd5 5. d4 Nc6 6. Be3 cxd4 7. Nxd4 Nf6 8.
Be2 Bd6 9. O-O O-O 10. Nd2 Re8 11. N2f3 Bg4 12. h3 Bh5 13. Nf5 Bc7 14. Bg5 Qd7
15. Ng3 Bxg3 16. fxg3 Ne4 17. Bf4 Qe7 18. Kh2 Nxc3 19. bxc3 Qxe2 20. Qxd5 Bxf3
21. Rxf3 Rad8 22. Qb3 Rd7 23. Raf1 Re6 24. g4 h6 25. R1f2 Qd1 26. g5 hxg5 27.
Bxg5 Qxb3 28. axb3 a5 29. c4 f6 30. Bf4 Re4 31. Bg3 Kf7 32. Rf5 a4 33. bxa4
Rxc4 34. R5f4 Nd4 35. Rb2 Rxa4 36. Bf2 b5 37. Rxd4 Raxd4 38. Bxd4 Rxd4 39. Rxb5
g5 1/2-1/2

[Event "MrDodgy Online Inv"]
[Site "chess24.com INT"]
[Date "2020.06.12"]
[Round "1.6"]
[White "Svidler, Peter"]
[Black "Grandelius, Nils"]
[Result "0-1"]
[WhiteElo "2723"]
[BlackElo "2651"]
[PlyCount "66"]
[EventDate "2020.06.12"]
[EventType "k.o. (blitz)"]
[EventRounds "3"]
[EventCountry "GER"]
[SourceTitle "CBM 196 Extra"]
[Source "ChessBase"]
[SourceDate "2020.07.31"]
[SourceVersion "1"]
[SourceVersionDate "2020.07.31"]
[SourceQuality "1"]

1. c4 e6 2. b3 d5 3. Bb2 Nf6 4. e3 Bd6 5. Nc3 a6 6. Nf3 b6 7. g4 Bb7 8. g5 Ne4
9. Rg1 Nd7 10. cxd5 exd5 11. Qc2 Rg8 12. h4 Qe7 13. Bh3 O-O-O 14. Nxe4 dxe4 15.
Nd4 Kb8 16. Nf5 Qf8 17. Kf1 Ne5 18. Nxd6 Qxd6 19. Bxe5 Qxe5 20. Qc3 Qb5+ 21.
Kg2 Rd3 22. Qb2 h6 23. gxh6 gxh6+ 24. Kh2 Rgd8 25. Rad1 Qd5 26. Rg7 Qh5 27.
Rdg1 Rxd2 28. Qf6 R8d6 29. Qf4 Bd5 30. Rg8+ Kb7 31. Rh8 Qf3 32. Qxf3 exf3 33.
Kg3 Rg6+ 0-1

[Event "MrDodgy Online Inv"]
[Site "chess24.com INT"]
[Date "2020.06.12"]
[Round "1.7"]
[White "Grandelius, Nils"]
[Black "Svidler, Peter"]
[Result "1-0"]
[WhiteElo "2651"]
[BlackElo "2723"]
[PlyCount "67"]
[EventDate "2020.06.12"]
[EventType "k.o. (blitz)"]
[EventRounds "3"]
[EventCountry "GER"]
[SourceTitle "CBM 196 Extra"]
[Source "ChessBase"]
[SourceDate "2020.07.31"]
[SourceVersion "1"]
[SourceVersionDate "2020.07.31"]
[SourceQuality "1"]

1. e4 c5 2. Nf3 Nc6 3. Bb5 d6 4. O-O Bd7 5. c3 Nf6 6. Re1 a6 7. Bf1 Bg4 8. h3
Bxf3 9. Qxf3 g6 10. d3 Bg7 11. Be3 O-O 12. Nd2 Nd7 13. Qe2 b5 14. Nf3 Nde5 15.
Nxe5 Bxe5 16. Rad1 Qb6 17. Qd2 Bg7 18. d4 Rfd8 19. d5 Ne5 20. f4 Nd7 21. Qf2
Qa5 22. a3 Rdc8 23. Be2 Rc7 24. Bg4 Qa4 25. Bxd7 Rxd7 26. e5 Qc4 27. e6 fxe6
28. dxe6 Rc7 29. Qf3 Rf8 30. Rd5 b4 31. axb4 cxb4 32. cxb4 Qxb4 33. Re2 Qb5 34.
Rxb5 1-0

[Event "MrDodgy Online Inv"]
[Site "chess24.com INT"]
[Date "2020.06.12"]
[Round "1.8"]
[White "Svidler, Peter"]
[Black "Grandelius, Nils"]
[Result "1-0"]
[WhiteElo "2723"]
[BlackElo "2651"]
[PlyCount "119"]
[EventDate "2020.06.12"]
[EventType "k.o. (blitz)"]
[EventRounds "3"]
[EventCountry "GER"]
[SourceTitle "CBM 196 Extra"]
[Source "ChessBase"]
[SourceDate "2020.07.31"]
[SourceVersion "1"]
[SourceVersionDate "2020.07.31"]
[SourceQuality "1"]

1. e4 c5 2. Nf3 d6 3. d4 cxd4 4. Nxd4 Nf6 5. Nc3 a6 6. Nb3 Nbd7 7. Be3 b5 8. a4
b4 9. Nd5 Bb7 10. Nxf6+ Nxf6 11. f3 e6 12. a5 Nd7 13. Qd4 d5 14. exd5 Bxd5 15.
Bc4 Bxc4 16. Qxc4 Qc8 17. Qxc8+ Rxc8 18. O-O-O Nc5 19. Kb1 Be7 20. Rd2 O-O 21.
Rhd1 Nxb3 22. cxb3 Bc5 23. Bd4 h6 24. Rc2 Rfd8 25. Rdc1 Rxd4 26. Rxc5 Rxc5 27.
Rxc5 Rd5 28. Rc4 Rxa5 29. Rxb4 Rh5 30. h3 a5 31. Ra4 Rg5 32. g4 Rb5 33. Kc2 Kf8
34. Kc3 Ke7 35. b4 axb4+ 36. Rxb4 Rd5 37. Rd4 Rc5+ 38. Rc4 Rd5 39. b4 g6 40.
Rc5 Rd1 41. b5 Kd6 42. Rc6+ Kd5 43. Kb4 f5 44. Rc8 Rb1+ 45. Ka5 e5 46. b6 e4
47. fxe4+ Kxe4 48. Rc4+ Kd5 49. Rc7 fxg4 50. hxg4 h5 51. gxh5 gxh5 52. Ka6 Ke4
53. Rh7 Ra1+ 54. Kb7 Ra5 55. Kc6 Kf4 56. b7 Ra6+ 57. Kc7 Ra5 58. b8=Q Rf5 59.
Kc6+ Kg4 60. Qg8+ 1-0

[Event "MrDodgy Online Inv"]
[Site "chess24.com INT"]
[Date "2020.06.12"]
[Round "1.9"]
[White "Grandelius, Nils"]
[Black "Svidler, Peter"]
[Result "1/2-1/2"]
[WhiteElo "2651"]
[BlackElo "2723"]
[PlyCount "95"]
[EventDate "2020.06.12"]
[EventType "k.o. (blitz)"]
[EventRounds "3"]
[EventCountry "GER"]
[SourceTitle "CBM 196 Extra"]
[Source "ChessBase"]
[SourceDate "2020.07.31"]
[SourceVersion "1"]
[SourceVersionDate "2020.07.31"]
[SourceQuality "1"]

1. e4 e5 2. Nf3 Nc6 3. Bc4 Nf6 4. d3 h6 5. O-O d6 6. c3 g5 7. Nbd2 Bg7 8. Bb3
Ne7 9. Nc4 Ng6 10. d4 Qe7 11. Re1 g4 12. Nfd2 h5 13. Ne3 Nf4 14. Nf5 Bxf5 15.
exf5 Nd3 16. Re2 Bh6 17. dxe5 dxe5 18. Nc4 O-O-O 19. Bxh6 Rxh6 20. Qd2 Rhh8 21.
Qe3 Kb8 22. Bc2 Qd7 23. Bxd3 Qxd3 24. Qxd3 Rxd3 25. Nxe5 Re8 26. Rae1 Rd5 27.
h3 Kc8 28. hxg4 Nxg4 29. Nxg4 Rxe2 30. Rxe2 hxg4 31. f6 Kd8 32. Re7 Rd1+ 33.
Kh2 Rd2 34. Kg3 Rxb2 35. Rxf7 Rxa2 36. Rh7 Ke8 37. Rxc7 b5 38. Rb7 a6 39. Kxg4
Rxf2 40. Rb6 Rxg2+ 41. Kf5 Rf2+ 42. Ke6 Re2+ 43. Kd5 Rc2 44. Rxa6 Rxc3 45. Rb6
Kf7 46. Rxb5 Kxf6 47. Rc5 Rxc5+ 48. Kxc5 1/2-1/2

[Event "MrDodgy Online Inv"]
[Site "chess24.com INT"]
[Date "2020.06.12"]
[Round "1.10"]
[White "Svidler, Peter"]
[Black "Grandelius, Nils"]
[Result "1-0"]
[WhiteElo "2723"]
[BlackElo "2651"]
[PlyCount "63"]
[EventDate "2020.06.12"]
[EventType "k.o. (blitz)"]
[EventRounds "3"]
[EventCountry "GER"]
[SourceTitle "CBM 196 Extra"]
[Source "ChessBase"]
[SourceDate "2020.07.31"]
[SourceVersion "1"]
[SourceVersionDate "2020.07.31"]
[SourceQuality "1"]

1. e4 c5 2. Nf3 d6 3. d4 cxd4 4. Nxd4 Nf6 5. Nc3 a6 6. Nb3 Nbd7 7. Be3 b6 8. g4
Bb7 9. Bg2 h6 10. h4 Ne5 11. g5 hxg5 12. hxg5 Rxh1+ 13. Bxh1 Nfd7 14. Qe2 Rc8
15. f4 Nc4 16. O-O-O g6 17. f5 Nxe3 18. Qxe3 Ne5 19. Nd4 Bg7 20. Qh3 Qc7 21.
Kb1 Qc4 22. Bg2 b5 23. Bf1 Qc5 24. Nd5 Bxd5 25. exd5 Nc4 26. fxg6 fxg6 27. Nc6
Rxc6 28. dxc6 Qb4 29. Qc8+ Kf7 30. Bxc4+ bxc4 31. Rf1+ Bf6 32. gxf6 1-0

[Event "MrDodgy Online Inv"]
[Site "chess24.com INT"]
[Date "2020.06.12"]
[Round "1.11"]
[White "Grandelius, Nils"]
[Black "Svidler, Peter"]
[Result "1/2-1/2"]
[WhiteElo "2651"]
[BlackElo "2723"]
[PlyCount "102"]
[EventDate "2020.06.12"]
[EventType "k.o. (blitz)"]
[EventRounds "3"]
[EventCountry "GER"]
[SourceTitle "CBM 196 Extra"]
[Source "ChessBase"]
[SourceDate "2020.07.31"]
[SourceVersion "1"]
[SourceVersionDate "2020.07.31"]
[SourceQuality "1"]

1. e4 c5 2. Nf3 e6 3. c3 Nf6 4. e5 Nd5 5. Bc4 Nc6 6. O-O d6 7. d4 cxd4 8. cxd4
Be7 9. exd6 Qxd6 10. Nc3 O-O 11. Re1 Rd8 12. Bb3 Nf6 13. Be3 b6 14. Rc1 Bb7 15.
a3 Rac8 16. Qe2 Na5 17. Ba2 Nd5 18. Ne4 Qd7 19. Ne5 Qe8 20. Rcd1 Nc6 21. Nf3 h6
22. Bb1 f5 23. Nc3 Nxc3 24. bxc3 Na5 25. Ba2 Bd5 26. Bxd5 Rxd5 27. Bxh6 Bxa3
28. Bf4 Rxc3 29. Ng5 Bb4 30. Bd2 Rc2 31. Qf3 Rxd2 32. Rb1 R2xd4 33. Rxb4 Rxb4
34. Qxd5 Rb1 35. Qe5 Rxe1+ 36. Qxe1 Nb7 37. h4 Nc5 38. Qe5 Qd8 39. Kh2 Kf8 40.
Nxe6+ Nxe6 41. Qxe6 Qxh4+ 42. Kg1 Qe4 43. Qc8+ Kf7 44. Qc7+ Kg6 45. Qxa7 Qb1+
46. Kh2 Qb4 47. Qd7 Qf4+ 48. Kg1 Qc1+ 49. Kh2 Qf4+ 50. Kh3 Qg4+ 51. Kh2 Qf4+
1/2-1/2

[Event "MrDodgy Online Inv"]
[Site "chess24.com INT"]
[Date "2020.06.12"]
[Round "1.12"]
[White "Svidler, Peter"]
[Black "Grandelius, Nils"]
[Result "1-0"]
[WhiteElo "2723"]
[BlackElo "2651"]
[PlyCount "67"]
[EventDate "2020.06.12"]
[EventType "k.o. (blitz)"]
[EventRounds "3"]
[EventCountry "GER"]
[SourceTitle "CBM 196 Extra"]
[Source "ChessBase"]
[SourceDate "2020.07.31"]
[SourceVersion "1"]
[SourceVersionDate "2020.07.31"]
[SourceQuality "1"]

1. Nf3 d5 2. g3 Nd7 3. d4 Ngf6 4. Bg2 g6 5. O-O Bg7 6. a4 a5 7. Nc3 O-O 8. Re1
c6 9. e4 Nxe4 10. Nxe4 dxe4 11. Rxe4 e5 12. c3 exd4 13. Nxd4 Nf6 14. Re1 Qb6
15. Qb3 Nd7 16. Qc2 Ne5 17. Bf4 Re8 18. Re3 Bd7 19. Rae1 Ng4 20. Rxe8+ Rxe8 21.
Rxe8+ Bxe8 22. Qe2 Nf6 23. Qe7 c5 24. Nb5 Bxb5 25. axb5 Qxb5 26. Qd8+ Ne8 27.
c4 Qa4 28. b3 Qa1+ 29. Bf1 Qe1 30. Be3 Kf8 31. Bxc5+ Kg8 32. Be7 Bf8 33. Bg5
Bc5 34. Be3 1-0

[Event "MrDodgy Online Inv"]
[Site "chess24.com INT"]
[Date "2020.06.13"]
[Round "2.1"]
[White "Navara, David"]
[Black "Svidler, Peter"]
[Result "1/2-1/2"]
[WhiteElo "2719"]
[BlackElo "2723"]
[PlyCount "110"]
[EventDate "2020.06.12"]
[EventType "k.o. (blitz)"]
[EventRounds "3"]
[EventCountry "GER"]
[SourceTitle "CBM 196 Extra"]
[Source "ChessBase"]
[SourceDate "2020.07.31"]
[SourceVersion "1"]
[SourceVersionDate "2020.07.31"]
[SourceQuality "1"]

1. c4 g6 2. Nc3 c5 3. g3 Bg7 4. Bg2 Nc6 5. Nf3 d6 6. O-O Bf5 7. b3 Nf6 8. Bb2
Ne4 9. Na4 Bxb2 10. Nxb2 Nf6 11. d4 Be4 12. d5 Bxf3 13. Bxf3 Ne5 14. Bg2 Qa5
15. h3 g5 16. Nd3 Qc3 17. Rc1 Qd4 18. Qc2 Nxd3 19. e3 Nb4 20. exd4 Nxc2 21.
Rxc2 cxd4 22. Re1 Nd7 23. Rd2 a5 24. Rxd4 Nc5 25. Re3 Ra6 26. h4 h6 27. hxg5
hxg5 28. Rg4 Rg8 29. f4 Rb6 30. Bf3 a4 31. Bd1 axb3 32. axb3 f6 33. Bc2 Kf7 34.
fxg5 Rxg5 35. Rxg5 fxg5 36. Rf3+ Kg7 37. Kf2 Ra6 38. Re3 Kf6 39. Rf3+ Kg7 40.
Ke3 Ra2 41. Kd2 Ne4+ 42. Kc1 Nc5 43. Rf5 Ra1+ 44. Kb2 Rg1 45. Rxg5+ Kf6 46.
Rg6+ Ke5 47. b4 Nd7 48. Re6+ Kd4 49. Rxe7 Ne5 50. c5 dxc5 51. d6 Nc4+ 52. Ka2
Nxd6 53. bxc5 Kxc5 54. Re5+ Kd4 55. Re6 Nc4 1/2-1/2

[Event "MrDodgy Online Inv"]
[Site "chess24.com INT"]
[Date "2020.06.13"]
[Round "2.2"]
[White "Svidler, Peter"]
[Black "Navara, David"]
[Result "0-1"]
[WhiteElo "2723"]
[BlackElo "2719"]
[PlyCount "44"]
[EventDate "2020.06.12"]
[EventType "k.o. (blitz)"]
[EventRounds "3"]
[EventCountry "GER"]
[SourceTitle "CBM 196 Extra"]
[Source "ChessBase"]
[SourceDate "2020.07.31"]
[SourceVersion "1"]
[SourceVersionDate "2020.07.31"]
[SourceQuality "1"]

1. e4 e5 2. Nf3 Nc6 3. Bb5 Nf6 4. d3 Bc5 5. c3 O-O 6. O-O d5 7. Nbd2 dxe4 8.
dxe4 Qe7 9. Qe2 a5 10. Ba4 Rb8 11. a3 Nh5 12. g3 Bh3 13. Re1 Qf6 14. Nh4 Bg4
15. Ndf3 h6 16. Kg2 Qe6 17. Nf5 Ne7 18. h3 Nxf5 19. exf5 Bxf5 20. Qxe5 Bxh3+
21. Kg1 Qg4 22. Bd1 Nxg3 0-1

[Event "MrDodgy Online Inv"]
[Site "chess24.com INT"]
[Date "2020.06.13"]
[Round "2.3"]
[White "Navara, David"]
[Black "Svidler, Peter"]
[Result "1/2-1/2"]
[WhiteElo "2719"]
[BlackElo "2723"]
[PlyCount "119"]
[EventDate "2020.06.12"]
[EventType "k.o. (blitz)"]
[EventRounds "3"]
[EventCountry "GER"]
[SourceTitle "CBM 196 Extra"]
[Source "ChessBase"]
[SourceDate "2020.07.31"]
[SourceVersion "1"]
[SourceVersionDate "2020.07.31"]
[SourceQuality "1"]

1. e4 c5 2. Nf3 e6 3. b3 a6 4. Bb2 Nc6 5. c4 Qc7 6. g3 Nf6 7. Nc3 Nd4 8. Bg2
Be7 9. O-O O-O 10. Ne2 e5 11. Nfxd4 cxd4 12. f4 d6 13. h3 b5 14. Rc1 bxc4 15.
Rxc4 Qb6 16. Kh2 Be6 17. Rc1 Rfc8 18. f5 Bd7 19. g4 Ne8 20. Ng1 Rxc1 21. Bxc1
a5 22. d3 a4 23. g5 axb3 24. axb3 Ra2 25. Nf3 g6 26. Nh4 Ra1 27. Qc2 Qc5 28.
Qf2 Rxc1 29. fxg6 Rxf1 30. gxf7+ Kf8 31. fxe8=Q+ Kxe8 32. Bxf1 Bxg5 33. Nf5
Bf4+ 34. Kg2 Kd8 35. Be2 Kc7 36. Bg4 Bb5 37. b4 Qc1 38. Qa2 Qd2+ 39. Qxd2 Bxd2
40. Be2 Bxb4 41. Ne7 Kb6 42. Nd5+ Kc5 43. Kf2 Bd2 44. Nf6 h6 45. Nd5 Bg5 46.
Kg3 Bc6 47. h4 Bd2 48. h5 Bxd5 49. exd5 Kxd5 50. Bf3+ Ke6 51. Bg4+ Kf6 52. Bf3
Ke6 53. Bg4+ Kf6 54. Bf3 Ke7 55. Bd5 Kf6 56. Kg4 Ke7 57. Bc4 Kf6 58. Bd5 Ke7
59. Bc4 Kf6 60. Bd5 1/2-1/2

[Event "MrDodgy Online Inv"]
[Site "chess24.com INT"]
[Date "2020.06.13"]
[Round "2.4"]
[White "Svidler, Peter"]
[Black "Navara, David"]
[Result "0-1"]
[WhiteElo "2723"]
[BlackElo "2719"]
[PlyCount "72"]
[EventDate "2020.06.12"]
[EventType "k.o. (blitz)"]
[EventRounds "3"]
[EventCountry "GER"]
[SourceTitle "CBM 196 Extra"]
[Source "ChessBase"]
[SourceDate "2020.07.31"]
[SourceVersion "1"]
[SourceVersionDate "2020.07.31"]
[SourceQuality "1"]

1. Nf3 d5 2. g3 c6 3. Bg2 Bg4 4. O-O Nd7 5. d3 Ngf6 6. Qe1 e5 7. e4 Bd6 8. h3
Bh5 9. Nh4 O-O 10. a4 a5 11. Nd2 Re8 12. Ndf3 dxe4 13. dxe4 Nc5 14. Nh2 Ne6 15.
Be3 Bb4 16. c3 Bc5 17. Nf5 Qc7 18. b4 axb4 19. cxb4 Bxe3 20. Qxe3 Bg6 21. Nf3
Red8 22. Rfc1 h6 23. a5 Bxf5 24. exf5 Nd4 25. Nxd4 Rxd4 26. b5 Rxa5 27. Rxa5
Qxa5 28. Qxe5 Rd8 29. Rb1 Re8 30. Qb2 Re1+ 31. Rxe1 Qxe1+ 32. Bf1 Ne4 33. Kg2
c5 34. Qc2 b6 35. Bd3 Nd2 36. Qa2 c4 0-1